W zupie. - Statystyki

Ogólne statystyki
  • Ten quiz został rozwiązany 22 razy
  • Średni wynik to 5 z 9
Statystyki odpowiedzi
Hint Odpowiedź % Poprawnych
9. Mięso
75%
3. Warzywa
70%
4. Makaron
65%
1. Woda
65%
8. Ryż
60%
5. Sól
60%
6. Ziemniaki
60%
7. Kasza
25%
2. Oczka
0%
Nie znaleziono quizów pasujących do podanych kryteriów
Rozkład punktacji
Procent ludzi z każdym wynikiem
Percentyl według liczby udzielonych odpowiedzi
Twoja historia wyników
Nie rozwiązałeś tego quizu